00353nam a2200121Ia 4500008004100000082001700041100002000058245005900078260004500137300001000182630001800192650002100210211109s9999||||xx |||||||||||||| ||und|| a579.5bFUN-P aFunder, Siguard 0aPractical Mycology: Manual for Identification of Fungi bW Broggers Boktrykkeri A/saNorwayc1961 a144p. xGeneral Stack aSciencexBiology